<?xml version="1.0" encoding="UTF-8"?>
<record
    xmlns:xsi="http://www.w3.org/2001/XMLSchema-instance"
    xsi:schemaLocation="http://www.loc.gov/MARC21/slim http://www.loc.gov/standards/marcxml/schema/MARC21slim.xsd"
    xmlns="http://www.loc.gov/MARC21/slim">

  <leader>00754nam a2200193Ia 4500</leader>
  <controlfield tag="008">090123s9999    xx            000 0 und d</controlfield>
  <datafield tag="082" ind1=" " ind2=" ">
    <subfield code="b">35334</subfield>
    <subfield code="a">891.463/&#x930;&#x94B;&#x932;&#x93F;&#x902;&#x917;</subfield>
  </datafield>
  <datafield tag="100" ind1=" " ind2=" ">
    <subfield code="a">&#x930;&#x94B;&#x932;&#x93F;&#x902;&#x917; &#x91C;&#x947;.&#x915;&#x947;.</subfield>
  </datafield>
  <datafield tag="245" ind1=" " ind2=" ">
    <subfield code="a">&#x939;&#x945;&#x930;&#x93F; &#x92A;&#x949;&#x91F;&#x930; &#x906;&#x923;&#x93F; &#x917;&#x941;&#x92A;&#x93F;&#x924;&#x93E;&#x902;&#x91A;&#x947; &#x926;&#x93E;&#x932;&#x928;</subfield>
  </datafield>
  <datafield tag="250" ind1=" " ind2=" ">
    <subfield code="a">2</subfield>
  </datafield>
  <datafield tag="260" ind1=" " ind2=" ">
    <subfield code="b">&#x92A;&#x941;&#x937;&#x94D;&#x92A; &#x92A;&#x94D;&#x930;&#x915;&#x93E;&#x936;&#x928;</subfield>
    <subfield code="c">2003</subfield>
  </datafield>
  <datafield tag="300" ind1=" " ind2=" ">
    <subfield code="a">296</subfield>
  </datafield>
  <datafield tag="600" ind1=" " ind2=" ">
    <subfield code="a">&#x930;&#x94B;&#x932;&#x93F;&#x902;&#x917; &#x91C;&#x947;.&#x915;&#x947;.</subfield>
  </datafield>
  <datafield tag="630" ind1=" " ind2=" ">
    <subfield code="a">&#x939;&#x945;&#x930;&#x93F; &#x92A;&#x949;&#x91F;&#x930; &#x906;&#x923;&#x93F; &#x917;&#x941;&#x92A;&#x93F;&#x924;&#x93E;&#x902;&#x91A;&#x947; &#x926;&#x93E;&#x932;&#x928;</subfield>
  </datafield>
  <datafield tag="700" ind1=" " ind2=" ">
    <subfield code="a">&#x930;&#x94B;&#x932;&#x93F;&#x902;&#x917; &#x91C;&#x947;.&#x915;&#x947;.</subfield>
  </datafield>
  <datafield tag="700" ind1=" " ind2=" ">
    <subfield code="a">&#x936;&#x941;&#x915;&#x94D;&#x932; &#x935;&#x93F;&#x915;&#x93E;&#x938;</subfield>
  </datafield>
  <datafield tag="730" ind1=" " ind2=" ">
    <subfield code="a">&#x939;&#x945;&#x930;&#x93F; &#x92A;&#x949;&#x91F;&#x930; &#x906;&#x923;&#x93F; &#x917;&#x941;&#x92A;&#x93F;&#x924;&#x93E;&#x902;&#x91A;&#x947; &#x926;&#x93E;&#x932;&#x928;</subfield>
  </datafield>
  <datafield tag="942" ind1=" " ind2=" ">
    <subfield code="c">BOOK</subfield>
  </datafield>
  <datafield tag="999" ind1=" " ind2=" ">
    <subfield code="c">73394</subfield>
    <subfield code="d">73394</subfield>
  </datafield>
  <datafield tag="952" ind1=" " ind2=" ">
    <subfield code="0">0</subfield>
    <subfield code="1">0</subfield>
    <subfield code="4">0</subfield>
    <subfield code="7">0</subfield>
    <subfield code="a">KALWAJAWAH</subfield>
    <subfield code="b">KALWAJAWAH</subfield>
    <subfield code="d">2006-03-31</subfield>
    <subfield code="g">200.00</subfield>
    <subfield code="l">0</subfield>
    <subfield code="o">35334</subfield>
    <subfield code="p">KLW-35334</subfield>
    <subfield code="r">2009-01-23 00:00:00</subfield>
    <subfield code="v">200.00</subfield>
    <subfield code="w">2009-01-23</subfield>
    <subfield code="y">BOOK</subfield>
  </datafield>
</record>
